| 000 | 01058cam a2200277 4500 | ||
|---|---|---|---|
| 001 | ABS62140 | ||
| 008 | 000000n2000 000 0 eng u | ||
| 035 | _a(Sirsi) u105518 | ||
| 100 | _aCook, D.A. | ||
| 245 | _aMasonry crack damage : its origins, diagnosis, philosphy and a basis for repair | ||
| 260 | _c2000 | ||
| 490 |
_aProceedings of the Institution of Civil Engineers : Structures and Buildings _vFebruary 2000, 39-50(12) |
||
| 520 | _aConsiders the repair of brickwork and masonry walls that have cracked as a result of ground movement and concludes that localised reinforcement can significantly increase their tolerance to foundation movement. | ||
| 590 | _aABS | ||
| 650 | _aBRICKWORK | ||
| 650 | _aMASONRY | ||
| 650 | _aBUILT ENVIRONMENT-BUILDING ELEMENTS-COMPLETE BUILDING ELEMENTS-WALLS | ||
| 650 | _aGROUND MOVEMENT | ||
| 650 | _aSUBSIDENCE | ||
| 650 | _aREINFORCEMENT | ||
| 690 | _aBUILDING AND CONSTRUCTION-DEFECTS AND FAILURES | ||
| 700 | _aLedbetter, S. | ||
| 700 | _aRing, S. | ||
| 700 | _aWenzel, F. | ||
| 942 | _n0 | ||
| 999 |
_c63223 _d63223 |
||